<?xml version="1.0" encoding="UTF-8"?>
<record
    xmlns:xsi="http://www.w3.org/2001/XMLSchema-instance"
    xsi:schemaLocation="http://www.loc.gov/MARC21/slim http://www.loc.gov/standards/marcxml/schema/MARC21slim.xsd"
    xmlns="http://www.loc.gov/MARC21/slim">

  <leader>01244nam a2200217Ia 4500</leader>
  <controlfield tag="003">OSt</controlfield>
  <controlfield tag="005">20260321100702.0</controlfield>
  <controlfield tag="008">210210b1988   xxu||||| |||| 00| 0 eng d</controlfield>
  <datafield tag="040" ind1=" " ind2=" ">
    <subfield code="c">AL</subfield>
  </datafield>
  <datafield tag="041" ind1=" " ind2=" ">
    <subfield code="a">Konkani</subfield>
  </datafield>
  <datafield tag="082" ind1=" " ind2=" ">
    <subfield code="a">891.46301 ALVK</subfield>
  </datafield>
  <datafield tag="100" ind1=" " ind2=" ">
    <subfield code="a">Alvaris Jo Sa</subfield>
    <subfield code="9">95064</subfield>
    <subfield code="d">&#xC86;&#xCB2;&#xCCD;&#xCB5;&#xCBE;&#xCB0;&#xCBF;&#xCB8;&#xCCD; (&#xC9C;&#xCCA; &#xCB8;&#xCBE;) </subfield>
  </datafield>
  <datafield tag="245" ind1=" " ind2=" ">
    <subfield code="a">Kathan har</subfield>
    <subfield code="b">&#xC95;&#xCA5;&#xCBE;&#xCE6;: &#xCB9;&#xCBE;&#xCB0;&#xCCD; </subfield>
  </datafield>
  <datafield tag="260" ind1=" " ind2=" ">
    <subfield code="a">Manglur</subfield>
    <subfield code="b">Jo Sa Alvaris</subfield>
    <subfield code="c">1988</subfield>
  </datafield>
  <datafield tag="300" ind1=" " ind2=" ">
    <subfield code="a">102p</subfield>
  </datafield>
  <datafield tag="520" ind1=" " ind2=" ">
    <subfield code="a">1, &#xC97;&#xCC1;&#xCAA;&#xCCD;&#xCA4;&#xCCD; &#xCA7;&#xCB0;&#xCCD;&#xCAE;&#xCBF;&#xCB7;&#xCCD;&#xC9F;&#xCCD;  &#xC95;&#xCCA;&#xCA3;&#xCCD; ?: (&#xCAA;&#xCBE;&#xCA4;&#xCCD;&#xCA4;&#xCC6;&#xCA6;&#xCBE;&#xCB0;&#xCBF;&#xC95;&#xCCD;)
2, &#xCAA;&#xCB5;&#xCBF;&#xCA4;&#xCCD;&#xCB0;&#xCCD; &#xC89;&#xCB7;&#xCCD;&#xCA0;&#xCC6;&#xCE6;: (&#xCB8;&#xCAE;&#xCBE;&#xC9C;&#xCBF;&#xC95;&#xCCD;)
3, &#xCB2;&#xCC2;&#xCA8;&#xCBE; &#xC8F; &#xCB2;&#xCC0;&#xCA8;&#xCBE; ! (&#xCB5;&#xCBF;&#xCA8;&#xCCB;&#xCA6;&#xCBF;&#xC95;&#xCCD;)
4, &#xC95;&#xCCD;&#xCB0;&#xCBF;&#xCB8;&#xCCD;&#xCAE;&#xCB8;&#xCCD; - &#xC95;&#xCC1;&#xC9F;&#xCCD;&#xCB2;&#xCBE;&#xCB8;&#xCCD; - &#xC89;&#xCB2;&#xCCD;&#xCB2;&#xCBE;&#xCB8;&#xCCD;: (&#xCB5;&#xCBF;&#xCA8;&#xCCB;&#xCA6;&#xCBF;&#xC95;&#xCCD;)
5, &#xCB8;&#xCC1;&#xCB0;&#xCBE;&#xCA4;&#xCBF; &#xCAC;&#xCBE;&#xCAA;&#xCC1;&#xCB2;&#xCCA;: (&#xCB8;&#xCAE;&#xCBE;&#xC9C;&#xCBF;&#xC95;&#xCCD;)
6, &#xCA4;&#xCC1;&#xC82; &#xCAE;&#xCCD;&#xCB9;&#xCBE;&#xC95;&#xCBE;&#xC9A;&#xCCD; &#xC9C;&#xCBE;&#xCAF;&#xCCD;: (&#xCAA;&#xCBE;&#xCA4;&#xCCD;&#xCA4;&#xCC6;&#xCA6;&#xCBE;&#xCB0;&#xCBF;&#xC95;&#xCCD;)
7, &#xC9A;&#xCB2;&#xCBF; &#xCB8;&#xCCA;&#xCAD;&#xCBE;&#xC97;&#xCBF;&#xCA3;&#xCCD;: (&#xCB5;&#xCBF;&#xCA1;&#xC82;&#xCAC;&#xCA8;&#xCBF;&#xC95;&#xCCD;)</subfield>
  </datafield>
  <datafield tag="650" ind1=" " ind2=" ">
    <subfield code="a">Gupto Dharmisht Kon, Pavitr Ushte, Mariya Krismas Kutlas Ullas, Surati Bapulo, Tu Mhakas Jai, Chali Sobhagin</subfield>
    <subfield code="9">95065</subfield>
  </datafield>
  <datafield tag="690" ind1=" " ind2=" ">
    <subfield code="a">Konkani Fiction</subfield>
    <subfield code="9">95066</subfield>
  </datafield>
  <datafield tag="906" ind1=" " ind2=" ">
    <subfield code="a">049829</subfield>
  </datafield>
  <datafield tag="942" ind1=" " ind2=" ">
    <subfield code="2">ddc</subfield>
    <subfield code="c">BK</subfield>
  </datafield>
  <datafield tag="999" ind1=" " ind2=" ">
    <subfield code="c">98257</subfield>
    <subfield code="d">98257</subfield>
  </datafield>
  <datafield tag="952" ind1=" " ind2=" ">
    <subfield code="0">0</subfield>
    <subfield code="1">0</subfield>
    <subfield code="2">ddc</subfield>
    <subfield code="4">0</subfield>
    <subfield code="7">0</subfield>
    <subfield code="8">KON</subfield>
    <subfield code="a">AL</subfield>
    <subfield code="b">AL</subfield>
    <subfield code="d">2021-02-17</subfield>
    <subfield code="g">10.00</subfield>
    <subfield code="l">0</subfield>
    <subfield code="o">891.46301 ALVK</subfield>
    <subfield code="p">049829</subfield>
    <subfield code="r">2021-02-17 00:00:00</subfield>
    <subfield code="w">2021-02-17</subfield>
    <subfield code="y">BK</subfield>
  </datafield>
  <datafield tag="952" ind1=" " ind2=" ">
    <subfield code="0">0</subfield>
    <subfield code="1">0</subfield>
    <subfield code="2">ddc</subfield>
    <subfield code="4">0</subfield>
    <subfield code="7">0</subfield>
    <subfield code="8">KON</subfield>
    <subfield code="a">AL</subfield>
    <subfield code="b">AL</subfield>
    <subfield code="d">2021-02-17</subfield>
    <subfield code="g">10.00</subfield>
    <subfield code="l">0</subfield>
    <subfield code="o">891.46301 ALVK</subfield>
    <subfield code="p">049830</subfield>
    <subfield code="r">2021-02-17 00:00:00</subfield>
    <subfield code="w">2021-02-17</subfield>
    <subfield code="y">BK</subfield>
  </datafield>
</record>
